000 00699nas a2200217 4500
001 BR9212320
003 BR-BrBNA
005 20231205095225.0
007 ta
008 230509b bl.|||p| |||| 00| 00por d
040 _aBR-BrBNA
_bpor
_cBiblioteca Nacional de Agricultura
041 _a(Pt)
072 _aE10
100 1 _aFranco, G.
245 1 _aDolarizacao, conversibilidade e estabilizacao: padroes e possibilidades
650 _aInflacao
650 _aPolitica Economica
773 0 _tIndicadores Economicos - Fundacao de Economia e Estatistica (Brazil)
_xISSN 0103-3905
_g(Apr-Jun 1991), v. 19(2) p. 65-72
_wBR9212320
909 _a202311
_bLúcia
_c55
_dLúcia Elande
942 _2AGRIS
_n0
_cANA
999 _c149423
_d149423